| 000 | 00421nam a2200157Ia 4500 | ||
|---|---|---|---|
| 008 | 180921t xxu||||| |||| 00| 0 sin d | ||
| 041 | _asin | ||
| 080 |
_a681.3 _bPAR |
||
| 245 | _aපරිගණක යන්ත්ර මාර්ගෝපදේශය | ||
| 246 | _aGuide to computer | ||
| 300 | _a87p., ill., 22 cm | ||
| 650 | _aComputer | ||
| 942 | _cBK | ||
| 999 |
_c18272 _d18272 |
||
| 003 | LK-CoDNM | ||
| 040 |
_aLK-CoDNM _dLK-CoDNM _eLK-CoDNM |
||